| 000 | 00996nam a2200217 i 4500 | ||
|---|---|---|---|
| 001 | 183437 | ||
| 003 | ES-MaACL | ||
| 005 | 20230906221907.0 | ||
| 008 | 140422s1888 it |||| | ita d | ||
| 100 | 1 |
_aPoudra, Jules. _9154756 |
|
| 245 | 1 | 3 |
_aTrattato di diritto parlamentare / _cG. Poudra e E. Pierre. La tattica parlamentare / G. Bentham e S. Dumont. |
| 260 |
_aTorino : _bUnione Tipografico-Editrice, _c1888. |
||
| 300 |
_a844 p. ; _c24 cm. |
||
| 490 | 1 |
_aBiblioteca di scienze politiche: scelta collezione delle più importanti opere moderne italiane e straniere di scienze politiche / diretta da Attilio Brunialti ; _v4-2 |
|
| 700 | 0 |
_aPierre, Eugene. _991955 |
|
| 700 | 1 |
_aBentham, Jeremy. _927787 |
|
| 700 | 1 |
_aDumont, S. _9154757 |
|
| 830 | 0 |
_aBiblioteca di scienze politiche: scelta collezione delle più importanti opere moderne italiane e straniere di scienze politiche / diretta da Attilio Brunialti ; _v4-2 _9191986 |
|
| 852 |
_aES-MaACL _jB-1317 |
||
| 999 |
_c183437 _d183437 |
||